000 01043nam a22002417a 4500
999 _c260
_d260
001 000707
003 CoMeUDC000707
005 20181129194245.0
008 970828s 1986col 00010 d
037 _aD
040 _cCoMeUDC
092 _a320.98
_bL358h
100 2 0 _aLatorre Rueda, Mario
245 1 0 _aHechos y crítica política
_c/ Mario Latorre R.
260 _aBogotá :
_bUniv. Nacional de Colombia ,
_c1986
300 _a199 p.
440 _aColección Roberto Luis Jaramillo
505 _aContenido: El origen del plebiscito y algunos aspectos de la reforma de 1968. Antes de las elecciones del 4 de junio de 1978 partidos, movimientos de opinión y populismo. Colombia una sociedad bloqueada? Candidatos presidenciales y grupos de presión. 1982 y el panorama político. Memorial en favor de un conservatismo político. Monoclasista, ni policlasista.
630 0 _9492
_aPolítica y gobierno
_zColombia.
651 _aCOLOMBIA
_xPOLÍTICA
942 _2ddc
_cBK
949 _a320.98 L358h
_c1
_mBG
_lC.GENERAL
_tLIBRO
_kC.GENERAL